Portugalscy piłkarze - nagła śmierć - Statystyki

Ogólne statystyki
  • Ten quiz został rozwiązany 276 razy
  • Średni wynik to 10 z 14
Answers on the Grid
Answers color-coded by a green-red scale on the quiz's grid according to % correct below.
Cristiano Ronaldo
David Silva
Ronaldinho
Bernardo Silva
Fabio Cannavaro
Rui Patricio
Giovani Dos Santos
Pepe
Bruno Fernandes
David Villa
Diogo Jota
Ricardo Quaresma
Juan Mata
Alvaro Morata
João Moutinho
William Carvalho
Sergio Agüero
Nani
Rúben Dias
Carlos Tévez
Héctor Bellerín
Romario
André Gomes
Talisca
Rodrygo
Fábio Coentrão
Dani Alves
João Félix
 
Statystyki odpowiedzi
Odpowiedź % Poprawnych
Cristiano Ronaldo
99%
Bernardo Silva
83%
Pepe
73%
Rui Patricio
73%
Bruno Fernandes
72%
Diogo Jota
71%
João Félix
69%
Nani
69%
Rúben Dias
68%
João Moutinho
67%
Ricardo Quaresma
67%
William Carvalho
62%
Fábio Coentrão
61%
André Gomes
59%
Nie znaleziono quizów pasujących do podanych kryteriów
Rozkład punktacji
Procent ludzi z każdym wynikiem
Percentyl według liczby udzielonych odpowiedzi
Twoja historia wyników
Nie rozwiązałeś tego quizu